Statistics for countries and their international names D-F

Click here to take the quiz!

General Stats

  • This quiz has been taken 2 times
  • The average score is 11 of 30

Answer Stats

Answer% Correct
eritrea
100%
Ffiji
100%
commonwealth of dominica
50%
Ddenmark
50%
djibouti
50%
dominica
50%
dominican republic
50%
dominican republic
50%
ecuador
50%
estonia
50%
ethiopia
50%
finland
50%
france
50%
french republic
50%
kingdom of denmark
50%
republic of ecuador
50%
republic of estonia
50%
republic of fiji
50%
republic of finland
50%
state of eritrea
50%
arab republic of egypt
0%
democratic republic of timor-leste
0%
Eeast timor
0%
egypt
0%
el salvador
0%
equatorial guinea
0%
federal democratic republic of ethiopia
0%
republic of djibouti
0%
republic of el salvador
0%
republic of equatorial guinea
0%

Score Distribution

Percentile by Number Answered

Percent of People with Each Score

Your Score History

You have not taken this quiz